000 00328nam a2200133Ia 4500
008 240624s9999 xx 000 0 und d
041 _aeng
082 _a823 KEL
100 _aKELLERMAN FAYE
245 _aBURNT HOUSE
260 _c2008
_aNew York
_bHarper Collins Publishers
300 _a464 : p. : cm. ; 17
365 _cRS
_b20
999 _c13930
_d13930